| 000 | 00852cam a22002294a 4500 | ||
|---|---|---|---|
| 005 | 20250605163923.0 | ||
| 008 | 250528s ||||||||||||||||||||||||d | ||
| 035 | _a14442 | ||
| 020 | _a39543324 | ||
| 040 |
_aGR-AtMCL _bgre _dGR-AtMCL _eAACR2 |
||
| 245 | 1 | _aMathematics of Finance / Eighth Edition | |
| 250 | _a8th | ||
| 260 |
_bHoughton Mifflin Company, _c1990 |
||
| 300 | _a728 | ||
| 520 | _aPreface, Acknowledgements, Simple Interest, Bank Discount, Compound Interest, Ordinary Annuities, Other Annuities Certain, Amortization and Sinking Funds, Bonds, Capital Budgeting and Depreciation, Life Annuities, Life Insurance, Stocks, Computational Methods, Index, Mathematical Tables. | ||
| 700 | 1 |
_aCisell Helen _9106 |
|
| 700 | 1 |
_aCisell Robert _9107 |
|
| 700 | 1 |
_aFlashpohler David C _9108 |
|
| 942 | _cBK | ||
| 999 |
_c75 _d75 |
||